000 00500nam a2200193Ia 4500
005 20250326144458.0
008 250326s9999 xx 000 0 und d
037 _aTextbook
040 _aFMSL
_beng
_cFMSL
041 _aeng
_2eng
084 _aX:87 P4
_qFMSL
100 _aHBS
_9747726
245 0 _aHBR on leadership in a changed world
_cHBS
260 _aBoston
_bBoston, HBS
_c2004
365 _b595
650 _aLeadership
942 _cTB
_hX:87 P4
999 _c1303854
_d1303854